| 000 | 00952cam a2200277 a 4500 | ||
|---|---|---|---|
| 999 |
_c5396 _d5396 |
||
| 001 | 12751440 | ||
| 003 | OSt | ||
| 005 | 20190924145234.0 | ||
| 008 | 020423s2003 nyua 001 0 eng | ||
| 010 | _a 2002281486 | ||
| 020 | _a0471216437 | ||
| 040 | _cDDC. | ||
| 082 | 0 | 0 | _a530HAL 2005 |
| 100 | 1 |
_aHalliday, David; Resnick, Robert; Walker, Jearl, _98105 |
|
| 245 | 1 | 0 | _aFundamentals of Physics |
| 250 | _a7th ed. | ||
| 260 |
_aNew York : _bWiley, _c2005 |
||
| 300 |
_axxii,1056p; _bcol. ill; _c27 cm. |
||
| 504 | _aincludes index. | ||
| 650 | 0 |
_aPhysics. _9809 |
|
| 856 | 4 | 2 |
_3Publisher description _uhttp://www.loc.gov/catdir/description/wiley041/2002281486.html |
| 856 | 4 | 1 |
_3Table of contents only _uhttp://www.loc.gov/catdir/enhancements/fy0613/2002281486-t.html |
| 906 |
_a7 _bcbc _corigcop _d3 _encip _f20 _gy-gencatlg |
||
| 942 |
_2ddc _cO_SHELF |
||